Gliwice - quiz wielokrotnego wyboru - Statystyki

Ogólne statystyki
  • Ten quiz został rozwiązany 837 razy
    819 od ostatniego zresetowania
  • Średni wynik to 7 z 10
Statystyki odpowiedzi
Zagadnienie Odpowiedź % Poprawnych
Jak nazywa się najlepsza drużyna piłkarska z Gliwic? Piast Gliwice
98%
Czym jest Radiostacja Gliwice? Drewnianą wieżą nadawczą
86%
Jak nazywa się znana politechnika w Gliwicach? Politechnika Śląska
76%
W jakim makroregionie geograficznym leżą Gliwice? Wyżyna Śląska
74%
Jak po niemiecku są Gliwice? Gleiwitz
71%
Które autostrady krzyżują się w Gliwicach? A4 i A1
69%
Kto był właścicielem zamku w Gliwicach w średniowieczu? Piastowie
65%
Które zdjęcie przedstawia rynek w Gliwicach?
51%
Z którym z tych miast Gliwice NIE graniczą? Piekary Śląskie
49%
Która dzielnica Gliwic jest największa pod względem powierzchni? Łabędy
37%
Nie znaleziono quizów pasujących do podanych kryteriów
Rozkład punktacji
Procent ludzi z każdym wynikiem
Percentyl według liczby udzielonych odpowiedzi
Twoja historia wyników
Nie rozwiązałeś tego quizu od ostatniego zresetowania